00529nam a2200169Ia 4500008004100000020001500041041000800056082001700064100001500081245004300096250000600139260004400145300001000189700001500199999001900214952012600233210716s2005 xx 000 0 und d a8178817004 aeng a658.802 SURK aSuresh, K. aRural markets: emerging opportunities. a1 aHyderabadbICFAI University Pressc2005 ax,174 aSuresh, K. c202417d202417 001040708MBAaAIMITbAIMITd2008-03-03g400.00l0o658.802 SURKpMBA04983r2026-05-23 00:00:00v200.00w2021-07-16yBK